| Tag |
First Indicator |
Second Indicator |
Subfields |
| LEADER |
00000cam a2200000Ia 4500 |
| 001 |
in00002292021 |
| 005 |
20190326201712.0 |
| 006 |
m | d | |
| 007 |
cr |n||||||||n |
| 008 |
900821s1787 au af s 000 0 ger d |
| 010 |
|
|
|a nuc87734328
|
| 040 |
|
|
|a ResP
|c GKS
|d RQM
|d GKS
|d Thomson Gale
|d UtOrBLW
|
| 043 |
|
|
|a e-au---
|a e------
|
| 082 |
0 |
4 |
|a 330
|b G62
|
| 100 |
1 |
|
|a Spalowsky, Joachim Johann Nepomuk,
|d 1752-1797.
|
| 245 |
1 |
0 |
|a Abhandlung der Oekonomie und der dazu gehörigen Wissenschaften :
|b mit hundert erläuternden Kupfern /
|c von Joachim, Johann Nepomuk Spalowsky ; Erster Band. Vom Schrieben, schriftlichen Aufsätzen und Rechnungswesen.
|
| 264 |
|
1 |
|a Wien :
|b Gedrucht bei Joseph Graschanzky,
|c 1787.
|
| 300 |
|
|
|a 232 pages, 4 unnumbered pages, 103 unnumbered leaves of plates :
|b illustrations ;
|c 26 cm.
|
| 336 |
|
|
|a text
|b txt
|2 rdacontent
|
| 337 |
|
|
|a computer
|b c
|2 rdamedia
|
| 338 |
|
|
|a online resource
|b cr
|2 rdacarrier
|
| 500 |
|
|
|a Imperfect: plate XXI wanting.
|
| 500 |
|
|
|a No more published.
|
| 500 |
|
|
|a Reproduction of original from Kress Library of Business and Economics, Harvard University.
|
| 500 |
|
|
|a Goldsmiths'-Kress number 13478.46.
|
| 510 |
4 |
|
|a OCLC,
|c 22251191
|
| 533 |
|
|
|a Electronic reproduction.
|b Farmington Hills, Mich. :
|c Thomson Gale,
|d 2005.
|f (The making of the modern world).
|n Available via the World Wide Web.
|n Access limited to licensing agreements.
|7 s2005 miunns
|
| 500 |
|
|
|a Electronic resource.
|
| 650 |
|
0 |
|a Business mathematics.
|
| 650 |
|
0 |
|a Coinage
|z Europe.
|
| 650 |
|
0 |
|a Commercial correspondence, Austrian.
|
| 655 |
|
0 |
|a Electronic books.
|
| 830 |
|
0 |
|a Making of the modern world (Goldsmiths'-Kress Library of Economic Literature)
|
| 856 |
4 |
0 |
|u http://proxy.library.tamu.edu/login?url=http://galenet.galegroup.com/servlet/MOME?af=RN&ae=U110228403&srchtp=a&ste=14&locID=txshracd2898
|z Connect to the full text of this electronic book
|t 0
|
| 999 |
|
|
|a MARS
|
| 999 |
f |
f |
|s ded46f8e-31d1-351a-bf1e-20a8382967db
|i 953f7f88-ec5c-3a9d-8944-73db59da137c
|t 0
|
| 952 |
f |
f |
|a Texas A&M University
|b College Station
|c Electronic Resources
|d Available Online
|t 0
|h No information provided
|
| 998 |
f |
f |
|t 0
|l Available Online
|